000 002500000a22000970004500
100 1 _aSalem, Luis D.
245 1 0 _aLa Biblia en nuestros lares
300 _aVol. 56, Núm 252 (2001), Páginas 12-13
773 0 _tLa Biblia de las Américas
942 _cANA
999 _c51611
_d51611